| 000 | 00837nam a2200241 i 4500 | ||
|---|---|---|---|
| 001 | 16996 | ||
| 003 | ES-MaACL | ||
| 005 | 20240510114006.0 | ||
| 008 | 001211s1999 sp |||| | spa d | ||
| 020 | _a84-363-1120-5 | ||
| 080 | _a821.134.2-31"18" | ||
| 100 | 1 |
_aSawa, Alejandro, _d1862-1909 _9104088 |
|
| 245 | 1 | 0 |
_aDeclaración de un vencido _b; y Criadero de curas / _cAlejandro Sawa ; edición, introducción y notas de Francisco Gutiérrez Carbajo. |
| 246 | 3 | 0 | _aCriadero de curas |
| 260 |
_aMadrid : _bAtlas, _c1999. |
||
| 300 |
_a239 p. ; _c24 cm. |
||
| 490 | 1 |
_aBiblioteca de autores españoles ; _v305 |
|
| 700 | 1 |
_aGutiérrez Carbajo, Francisco. _961103 |
|
| 830 | 0 |
_aBiblioteca de autores españoles (Atlas) ; _v305 _9236321 |
|
| 852 |
_aES-MaACL _jJ-51 |
||
| 942 | _2udc | ||
| 999 |
_c16996 _d16996 |
||